Role of call frequency and the auditory papillae in phonotactic behavior in male dart-poison frogs Epipedobates femoralis (Dendrobatidae) (Registro nro. 13051)

Detalles MARC
000 -CABECERA
Campo de control 006720000a22002050004500
090 ## - CLASIFICACIÓN LOCAL
Colección AR
Consecutivo 04018
041 0# - IDIOMA
Código de idioma para texto/pista de sonido o título separado
100 1# - ASIENTO PRINCIPAL--NOMBRE PERSONAL
Nombre personal Hodl, W.
245 10 - MENCION DE TITULO
Título Role of call frequency and the auditory papillae in phonotactic behavior in male dart-poison frogs Epipedobates femoralis (Dendrobatidae)
500 ## - NOTA GENERAL
Nota general <Curso de Bioacústica>
650 14 - ASIENTO SECUNDARIO DE MATERIA - TERMINO TEMATICO
Término temático o nombre geográfico como elemento de entrada Bioacústica
650 14 - ASIENTO SECUNDARIO DE MATERIA - TERMINO TEMATICO
Término temático o nombre geográfico como elemento de entrada Etología
650 14 - ASIENTO SECUNDARIO DE MATERIA - TERMINO TEMATICO
Término temático o nombre geográfico como elemento de entrada Anfibios
650 14 - ASIENTO SECUNDARIO DE MATERIA - TERMINO TEMATICO
Término temático o nombre geográfico como elemento de entrada Territorialidad animal
651 #4 - ASIENTO SECUNDARIO DE MATERIA - NOMBRE GEOGRAFICO
-- Guyana francesa
700 1# - ASIENTO SECUNDARIO - NOMBRE PERSONAL
Nombre personal Amézquita, A.
700 1# - ASIENTO SECUNDARIO - NOMBRE PERSONAL
Nombre personal Narins, P. M.
773 1# - Item fuente:
Título J. Comp. Physiol A.
Paginas del Articulo 823-829
Lugar, editorial y fecha de publicación 2004
Información sobre la relación 190
942 ## - ELEMENTOS ADICIONALES (KOHA)
Tipo de ítem Artículo
Existencias
Withdrawn status Lost status Damaged status No para préstamo Colección Ubicación Permanente Ubicación actual Fecha de adquisición Fuente de Valor Datos de publicación Seriada Total Checkouts Número topográfico Inventario / Código de Barras Date last seen Price effective from Forma de adquisición Tipo de material
      No para Préstamo Hemeroteca Bogotá Bogotá 27/02/2015 Curso de Bioacústica Fuera de circulación   AR 04018 017609 25/03/2015 25/03/2015   Artículo